000 00617nam a2200205 i 4500
001 119416
003 ES-MaACL
005 20251005063109.0
007 t|
008 070214s1934 fr r ||||1| fre d
100 1 _aPilon, Edmond,
_d1874-1945
_992042
245 1 0 _aDans le buisson des lettres
_b: portraits et souvenirs /
_cEdmond Pilon.
260 _aParis :
_bAlbert Messein,
_c1934.
300 _a196 p. ;
_c19 cm.
490 1 _aEssais et critique
650 7 _aLiteratura francesa
_2embne
_914582
830 0 _aEssais et critique
_9186460
852 _aES-MaACL
_jA-2547
999 _c119416
_d119416